Statistics for The Hobbit: The Desolation of Smaug Characters Quiz

Click here to take the quiz!

General Stats

  • This quiz has been taken 54 times
  • The average score is 23 of 35

Answer Stats

Actor/ActressDescriptionCharacter% Correct
Martin FreemanA hobbit hired by the 13 dwarves, on the advice of wizard Gandalf, to accompany them on a quest to reclaim the Lonely Mountain from SmaugBilbo Baggins
100%
Richard ArmitageThe leader of the Company of dwarves and the true heir to Erebor's throne who has returned to reclaim Erebor from SmaugThorin Oakenshield II
96%
Ian McKellenAn Istari wizard who recruits Bilbo and helps to arrange the quest to reclaim the dwarves' lost treasure in EreborGandalf the Grey
94%
Aidan TurnerOne of Thorin's nephews and Fili's younger brother, who develops romantic feelings towards the Elf Tauriel and falls in love with herKili
94%
Orlando BloomAn elf from Mirkwood and the prince of the Woodland RealmLegolas Greenleaf
94%
Benedict CumberbatchAn enormous, powerful and psychopathic great dragon of Middle-earth who claimed the Lonely Mountain, its vast treasures and the surrounding human areasSmaug
94%
Evangeline LillyAn elven Chief of the Mirkwood Guards serving under Thranduil, who develops romantic feelings towards Kili and falls in love with himTauriel
90%
Ken StottDwalin's brotherBalin
88%
Luke EvansA skilled archer living in Esgaroth and the heir of Girion, the last king of old DaleBard the Bowman
88%
Stephen HunterBofur's brother and Bifur's cousinBombur
88%
Dean O'GormanAnother of Thorin's nephews and Kili's older brotherFili
88%
Adam BrownNori and Dori's brotherOri
88%
Graham McTavishBalin's brotherDwalin
86%
Jed BrophyDori and Ori's brotherNori
86%
Lee PaceThe aloof and cold-hearted Elven king of the northern part of Mirkwood (the Woodland Realm)Thranduil
86%
William KircherBofur and Bombur's cousinBifur
84%
James NesbittBombur's brother and Bifur's cousinBofur
84%
Mark HadlowNori and Ori's brotherDori
84%
Peter HambletonOin's brother and father of Gimli, the noble Dwarf who accompanies Frodo on his quest to destroy the One RingGloin
84%
Mikael PersbrandtA skin-changer who can assume the appearance of a great black bearBeorn
76%
John CallenGloin's brotherOin
76%
Sylvester McCoyA Istari wizard whose wisdom is based on nature and wildlifeRadagast the Brown
73%
Lawrence MakoareSon of Azog the DefilerBolg
69%
Cate BlanchettAn Elven co-ruler of Lothlórien along with her husband, Lord CelebornGaladriel
69%
Manu BennettAn Orc and the nemesis of Thorin Oakenshield, on whom he seeks revenge for losing his forearm and hand in battleAzog the Defiler
53%
John BellBard's son, who is described as "confident and brave and ready to do battle if required even though he is still a boy."Bain
45%
Stephen FryThe pompous and greedy mayor of the settlement of Men at Lake-town near the Lonely MountainThe Master of Lake-town
41%
Ryan GageThe Master of Laketown's conniving and arrogant servantAlfrid
39%
Craig HallThranduil's butler, whose fondness for drink allows for Bilbo and the dwarves' escape attemptGalion
12%
Mark MitchinsonCaptain of the Lake-town GuardBraga
6%
Robin KerrAn Elf of the Woodland Realm who is a captain of the Woodland Guard and Keeper of the Keys - initially charged with watching the dwarves, he is later charged with watching the Front Gate of Thranduil's HallsElros
6%
Stephen UreAzog's second-in-commandFimbul
6%
Dallas BarnettAn assassin sent by Azog to kill Thorin Oakenshield in Bree and retrieve the Key to EreborBill Ferny Snr.
4%
Ben MitchellAn Orc who gets interrogated by Thranduil after the ambush at the River GateNarzug
4%
Simon LondonAn Elf of the Woodland Realm presumed to hold a high ranking position within the Realm - he is seen blowing a horn to alert the Elves guarding the River Gate, ordering them to close the gate so as to bring the Dwarves back into custody when it is discovered that Thorin and the Company have escaped from their prison cells via wine barrelsFeren
2%

Score Distribution

Percentile by Number Answered

Percent of People with Each Score

Your Score History

You have not taken this quiz